000
00331nam a2200133Ia 4500
008
230312s9999||||xx |||||||||||||| ||und||
082
_a
891.4
_b
KHU-C
100
_a
خُواجہ شمسُ الدین عظمی
245
0
_a
کلر تھراپی
260
_b
الکتاب
_a
pak
300
_a
382
650
_a
Literature
942
_c
BK
999
_c
15008
_d
15008